| 000 | 01165cad a22002055a 4500 | ||
|---|---|---|---|
| 001 | L158091 | ||
| 008 | 140501s2014 xxk f 000 0 eng d | ||
| 035 | _a(Sirsi) u158091 | ||
| 041 | 0 | _aeng | |
| 110 | 2 |
_aUnited Kingdom _bDepartment of Energy and Climate Change _95850 |
|
| 245 | 0 | 0 |
_aResearch summary energy saving home improvements _bConsumer preferences for incentives _bAnalysis of omnibus survey questions _h[electronic resource] |
| 260 |
_aLondon _bDECC _c2014 |
||
| 520 | _aQualitative research designed to build the evidence base around recent home buyers and inform decisions around the design and presentation of the Green Deal incentive scheme. Research consisted of questions which helped to contribute to the Green Deal evidence base and to inform particular aspects of Green Deal policy design. | ||
| 590 | _aKA | ||
| 651 | 4 | _aUnited Kingdom | |
| 690 |
_aEnergy _96237 |
||
| 690 |
_aSustainability _96271 |
||
| 856 | 4 | 0 |
_uhttps://www.gov.uk/government/uploads/system/uploads/attachment_data/file/307733/Omnibus_research_summary_on_incentives_v1.0_Final_for_publication_010514.pdf _zView the item free of charge at www.gov.uk/government |
| 942 | _n0 | ||
| 999 |
_c115134 _d115134 |
||